00437nam a2200169Ia 450000500170000000800410001704000190005804100120007708200130008910000260010224500460012826000320017430000140020665000190022065100180023985000100025720260605142652.0131103s9999 xx 000 0 und d aLoreto College aEnglish a843bCOU aCoulevain, Pierre De  aLe roman merveilleuxcPierre De Coulevain aParisbCalmann - Levyc1913 avi,409p.  aFrench fiction aRoman fiction aLCLIB